Entrepreneurship as strategy competing on the entrepreneurial edge /

Bibliographic Details
Corporate Author: ProQuest (Firm)
Other Authors: Meyer, G. Dale., Heppard, Kurt A.
Format: Electronic eBook
Language:English
Published: Thousand Oaks, CA : Sage Publications, c2000.
Series:Entrepreneurship and the management of growing enterprises.
Subjects:
Online Access:Click to View
LEADER 01604nam a2200421Ia 4500
001 EBC996771
003 MiAaPQ
005 20200520144314.0
006 m o d |
007 cr cn|||||||||
008 000112s2000 caua sb 001 0 eng d
010 |z  00008076  
020 |z 0761915796 (acid-free paper) 
020 |z 076191580X (pbk. : acid-free paper) 
020 |z 9780761915799 
020 |z 9781452264578 
035 |a (MiAaPQ)EBC996771 
035 |a (Au-PeEL)EBL996771 
035 |a (CaPaEBR)ebr10582409 
035 |a (CaONFJC)MIL673150 
035 |a (OCoLC)809772606 
040 |a MiAaPQ  |c MiAaPQ  |d MiAaPQ 
050 4 |a HB615  |b .E632 2000 
082 0 4 |a 658.4/21  |2 21 
245 0 0 |a Entrepreneurship as strategy  |h [electronic resource] :  |b competing on the entrepreneurial edge /  |c edited by G. Dale Meyer, Kurt A. Heppard. 
260 |a Thousand Oaks, CA :  |b Sage Publications,  |c c2000. 
300 |a xiii, 152 p. :  |b ill. 
490 1 |a Entrepreneurship and the management of growing enterprises 
504 |a Includes bibliographical references and index. 
533 |a Electronic reproduction. Ann Arbor, MI : ProQuest, 2015. Available via World Wide Web. Access may be limited to ProQuest affiliated libraries. 
650 0 |a Entrepreneurship. 
650 0 |a Strategic planning. 
655 4 |a Electronic books. 
700 1 |a Meyer, G. Dale. 
700 1 |a Heppard, Kurt A. 
710 2 |a ProQuest (Firm) 
830 0 |a Entrepreneurship and the management of growing enterprises. 
856 4 0 |u https://ebookcentral.proquest.com/lib/matrademy/detail.action?docID=996771  |z Click to View